Commoners, tribute, and chiefs : the development of Algonquian culture in the Potomac Valley
Αποθηκεύτηκε σε:
| Κύριος συγγραφέας: | |
|---|---|
| Μορφή: | Βιβλίο |
| Γλώσσα: | English |
| Δημοσίευση: |
Charlottesville :
University Press of Virginia,
1994
|
| Θέματα: | |
| Ετικέτες: |
Προσθήκη ετικέτας
Δεν υπάρχουν, Καταχωρήστε ετικέτα πρώτοι!
|
MARC
| LEADER | 00000nam a2200000 i 4500 | ||
|---|---|---|---|
| 001 | 1/90466 | ||
| 008 | 990927s1994 eng d | ||
| 020 | |a 0-8139-1540-6 | ||
| 035 | |l 10053117 | ||
| 040 | |a GR-MY-UA |b gre |e aacr | ||
| 041 | 0 | |a eng | |
| 082 | 0 | |a 975.201 | |
| 100 | 1 | |a Potter, Stephen R. | |
| 245 | 1 | 0 | |a Commoners, tribute, and chiefs : |b the development of Algonquian culture in the Potomac Valley / |c Stephen R. Potter |
| 260 | |a Charlottesville : |b University Press of Virginia, |c 1994 | ||
| 300 | |a 267 p. |b fig.; tabl. | ||
| 504 | |a Includes bibliographical references and index | ||
| 650 | 0 | 0 | |a Algonquian Indians |x Social life and customs. |
| 650 | 0 | 0 | |a Indians of North America |z Potomac River Valley |x Social life and customs. |
| 650 | 0 | 0 | |a Chiefdoms |z Potomac River Valley. |
| 650 | 0 | 0 | |a Algonquian Indians |x Antiquities. |
| 650 | 0 | 0 | |a Indians of North America |z Potomac River Valley |x Antiquities. |
| 651 | 0 | |a Potomac River Valley |x Antiquities. | |
| 852 | |a INST |b LESVOS |e 19990927 |h 975.201 POT |p 005100019367 |q 005100019367 |t BK |y 0 | ||
| 901 | |a BIBL1-1999-3 | ||
| 909 | |a Λ |b 066703 | ||
| 922 | |a 1ΕΛΗ |b 199907 |c ΚΠΣ/ΤΚ |d ΠΑΠΑΣΩΤΗΡΙΟΥ | ||
| 950 | |a 103-1998-07-27 | ||
| 970 | |a ΜΟΥΣΤΑΚΑ |b ΠΗΝΕΛΟΠΗ |z 1999/10/06 | ||